|
|
|
|
| LEADER |
00791nab a2200241 i 4500 |
| 001 |
misc65004 |
| 005 |
20240906153346.0 |
| 008 |
240219s1959 hu o 000 ger d |
| 040 |
|
|
|a SZTE Miscellanea Repozitórium
|b hun
|
| 041 |
|
|
|a ger
|
| 041 |
|
|
|a mon
|
| 100 |
1 |
|
|a Thomsen Kaare
|
| 245 |
1 |
0 |
|a Bemerkungen über das mongolische Vokalsystem der zweiten Silbe
|h [elektronikus dokumentum] /
|c Thomsen Kaare
|
| 260 |
|
|
|c 1959
|
| 300 |
|
|
|a 1-4
|c 24 cm
|
| 300 |
|
|
|a [4] p.
|c 24 cm
|
| 490 |
0 |
|
|a Acta Orientalia
|
| 561 |
|
|
|a Németh Gyula hagyaték
|
| 591 |
|
|
|a NOA 6044; LOA 3974
|
| 650 |
|
4 |
|a Bölcsészettudományok
|
| 650 |
|
4 |
|a Nyelvek és irodalom
|
| 695 |
|
|
|a Mongol nyelv - hangtan, Mongol nyelvtörténet
|
| 856 |
4 |
0 |
|u http://misc.bibl.u-szeged.hu/65004/1/6044_noa.pdf
|z Dokumentum-elérés
|